| 000 | 00768na a2200241 4500 | ||
|---|---|---|---|
| 001 | 21863 | ||
| 003 | MIRAKIL | ||
| 005 | 20181213155136.0 | ||
| 008 | 170208b tu 000 0 | ||
| 040 |
_aMilas _btur _cTR-AnCHP |
||
| 041 | _atur | ||
| 082 |
_a351.7222 _bU42i 2007 |
||
| 090 | _a351.7222 U42i 2007 | ||
| 100 |
_aUnakıtan, Kemal _cMaliye Bakanı |
||
| 245 |
_a2008 yılı bütçe sunuş konuşması _bTBMM Plan ve Bütçe Komisyonu _cKemal Unakıtan |
||
| 246 | _aTBMM Plan ve Bütçe Komisyonu | ||
| 260 |
_aAnkara _bMaliye Bakanlığı _c2007 |
||
| 300 |
_a41 s. _btbl. _c23 sm. |
||
| 600 |
_aUnakıtan, Kemal _xBütçe sunuş |
||
| 610 |
_aMaliye Bakanlığı _xBütçe sunuş _y2008 |
||
| 740 | _aTBMM Plan ve Bütçe Komisyonu | ||
| 942 |
_2ddc _cBKS |
||
| 999 |
_c7362 _d7362 |
||